| 000 | 00673cam a2200253 4500 | ||
|---|---|---|---|
| 008 | 090401t1997 xxu||||| |||| 00| 0 eng d | ||
| 020 | _a0117533688 | ||
| 035 | _a(Sirsi) u77087 | ||
| 041 | _aeng | ||
| 050 | _a711.1 | ||
| 110 |
_aUnited Kingdom _bDepartment of the Environment _9982 |
||
| 245 | _aPlanning policy guidance : general policy and prinicples. | ||
| 250 | _aRevised ed. | ||
| 260 |
_aLondon _bStationery Office _c1997 |
||
| 300 | _a15p. ; 30cm. | ||
| 350 | _a8.5 | ||
| 490 |
_aPPG _v1 |
||
| 650 | _aGENERAL POLICY | ||
| 650 | _aPLANNING POLICY | ||
| 650 | _aPPG1 | ||
| 690 |
_aPlanning and development _96259 |
||
| 942 | _n0 | ||
| 948 | _c13/03/1997 | ||
| 999 |
_c96276 _d96276 |
||